[Event "Russia - China 82/183"]
[Site "?"]
[Date "2001.??.??"]
[Round "?"]
[White "Svidler, P."]
[Black "Xu, Jun"]
[Result "1/2-1/2"]
[WhiteElo "2695"]
[BlackElo "2646"]
[PlyCount "79"]
[EventDate "2001.??.??"]
[Source "Chess Informant"]
[SourceDate "2001.06.01"]

1. e4 c5 2. Nf3 d6 3. d4 cxd4 4. Nxd4 Nf6 5. Nc3 Nc6 6. Bg5 e6 7. Qd2 Qb6 8. Nb3 Be7 9. O-O-O O-O 10. f3 a6 11. g4 Rd8 12. Be3 Qc7 13. g5 Nd7 14. h4 b5 15. h5 b4 16. Na4 Nc5 17. Naxc5 dxc5 18. Qe1 Rxd1+ 19. Qxd1 a5 20. Nd2 a4 21. f4 Nd4 22. g6 b3 23. gxf7+ Kf8 24. cxb3 axb3 25. Nxb3 Rxa2 26. Kb1 Qa7 27. Bxd4 cxd4 28. Bc4 Ra4 29. Qd3 Qc7 30. Rc1 Qxf4 31. e5 Bb7 32. Nxd4 Ra1+ 33. Kxa1 Qxc1+ 34. Ka2 Bc8 35. Nc6 Ba6 36. Bxa6 Qxc6 37. Bc4 Qa8+ 38. Kb3 Qb8+ 39. Kc2 Qxe5 40. Qxh7 1/2-1/2

[Event "Eu Team Ch, Batumi GEO"]
[Site "?"]
[Date "1999.??.??"]
[Round "5"]
[White "Hracek, Z."]
[Black "Avrukh, B."]
[Result "1/2-1/2"]
[WhiteElo "2625"]
[BlackElo "2585"]
[PlyCount "42"]
[EventDate "1999.??.??"]
[Source "www.chesslib.no"]
[SourceDate "2004.05.04"]

1. e4 c5 2. Nf3 d6 3. d4 cxd4 4. Nxd4 Nf6 5. Nc3 Nc6 6. Bg5 e6 7. Qd2 Qb6 8. Nb3 Be7 9. Bxf6 Bxf6 10. Qxd6 Be5 11. Qc5 Qxc5 12. Nxc5 Ke7 13. O-O-O b6 14. Nd3 Bxc3 15. bxc3 Bb7 16. f3 Rac8 17. Kb2 Rc7 18. Nc1 Ne5 19. Bd3 Rhc8 20. a3 Nd7 21. Bf1 Nb8 1/2-1/2

[Event "RUS"]
[Site "?"]
[Date "2006.04.27"]
[Round "8"]
[White "Efimenko Zahar"]
[Black "Brodsky Michail"]
[Result "1/2-1/2"]
[WhiteElo "2648"]
[BlackElo "2561"]
[PlyCount "61"]
[EventDate "2006.??.??"]
[Source "www.chesslib.no"]
[SourceDate "2004.05.04"]

1. e4 c5 2. Nf3 Nc6 3. d4 cxd4 4. Nxd4 Nf6 5. Nc3 d6 6. Bg5 e6 7. Qd2 Qb6 8. Nb3 Be7 9. O-O-O O-O 10. f3 a6 11. h4 Rd8 12. Be3 Qc7 13. Qf2 Nd7 14. g4 b5 15. g5 Nce5 16. Kb1 b4 17. Ne2 Bb7 18. h5 d5 19. g6 dxe4 20. Ned4 Nf8 21. h6 Nexg6 22. hxg7 Kxg7 23. fxe4 Bxe4 24. Bg2 Bxg2 25. Qxg2 Rac8 26. Rdf1 Rd5 27. Qf3 Bd6 28. Qf6+ Kg8 29. Nc6 Qxc6 30. Qxf7+ Kh8 31. Qf6+ 1/2-1/2

[Event "Europa ch 2008"]
[Site "Plovdiv BUL"]
[Date "2008.04.24"]
[Round "4.30"]
[White "Djukic, Nikola"]
[Black "Baklan, Vladimir"]
[Result "1/2-1/2"]
[WhiteElo "2543"]
[BlackElo "2647"]
[PlyCount "36"]
[EventDate "2008.04.21"]
[Source "www.chesslib.no"]
[SourceDate "2004.05.04"]

1. e4 c5 2. Nf3 d6 3. d4 cxd4 4. Nxd4 Nf6 5. Nc3 Nc6 6. Bg5 e6 7. Qd2 Qb6 8. O-O-O Qxd4 9. Qxd4 Nxd4 10. Rxd4 a6 11. Be2 Bd7 12. Kb1 Bc6 13. Bxf6 gxf6 14. f4 Bh6 15. Rf1 Ke7 16. g3 Rhd8 17. Bf3 Rac8 18. Rd3 Bg7 1/2-1/2

[Event "Europa ch 2008"]
[Site "Plovdiv BUL"]
[Date "2008.04.26"]
[Round "6.45"]
[White "Sulskis, Sarunas"]
[Black "Mchedlishvili, Mikheil"]
[Result "1/2-1/2"]
[WhiteElo "2555"]
[BlackElo "2635"]
[PlyCount "116"]
[EventDate "2008.04.21"]
[Source "www.chesslib.no"]
[SourceDate "2004.05.04"]

1. e4 c5 2. Nf3 d6 3. d4 cxd4 4. Nxd4 Nf6 5. Nc3 Nc6 6. Bg5 e6 7. Qd2 Qb6 8. O-O-O Qxd4 9. Qxd4 Nxd4 10. Rxd4 a6 11. Na4 Nd7 12. c4 b6 13. Be2 Bb7 14. Rhd1 Rc8 15. Nc3 h6 16. Bh4 Bc6 17. f3 g5 18. Bg3 Ne5 19. c5 bxc5 20. Rxd6 Bxd6 21. Rxd6 Ng6 22. Bxa6 Rc7 23. Nb5 Bxb5 24. Bxb5+ Ke7 25. Rxe6+ fxe6 26. Bxc7 Rc8 27. Bg3 c4 28. Ba6 Rc6 29. Bb5 Rc8 30. Kc2 Nf4 31. a4 Nxg2 32. Bf2 Nh4 33. f4 Nf3 34. fxg5 Nxg5 35. e5 Ne4 36. Be3 Rg8 37. Bxc4 Rg2+ 38. Kd3 Nf2+ 39. Kd4 Ng4 40. Bf4 Rf2 41. Bg3 Rxb2 42. a5 Rd2+ 43. Kc3 Rd7 44. Bf4 Rd8 45. a6 Rf8 46. Bg3 Ne3 47. Bb5 Nd5+ 48. Kd4 Rc8 49. Be1 Nc7 50. Bc6 Nxa6 51. Bb7 Rc2 52. Bxa6 Rxh2 53. Ke4 Ra2 54. Bf1 Kf7 55. Bg3 h5 56. Kf3 Ra3+ 57. Kg2 Kg6 58. Kh2 Rxg3 1/2-1/2

[Event "Acropolis GM Open"]
[Site "?"]
[Date "2005.03.13"]
[Round "8"]
[White "Hamdouchi Hichem"]
[Black "Avrukh Boris"]
[Result "1/2-1/2"]
[WhiteElo "2555"]
[BlackElo "2629"]
[PlyCount "94"]
[EventDate "2005.??.??"]
[Source "www.chesslib.no"]
[SourceDate "2004.05.04"]

1. e4 c5 2. Nf3 Nc6 3. d4 cxd4 4. Nxd4 Nf6 5. Nc3 d6 6. Bg5 e6 7. Qd2 Qb6 8. Nb3 Be7 9. O-O-O O-O 10. f3 Rd8 11. Nb5 Rd7 12. Qe1 a6 13. Be3 Qd8 14. N5d4 a5 15. a4 e5 16. Nf5 d5 17. Nxe7+ Qxe7 18. Bc5 Qe8 19. exd5 Rxd5 20. Rxd5 Nxd5 21. Bb5 Bd7 22. Qd2 Ncb4 23. Bxb4 Bxb5 24. Ba3 Bc4 25. Nxa5 Qxa4 26. Nxc4 Qxc4 27. Rd1 Rc8 28. Kb1 Rd8 29. Ka1 Rd7 30. Qa5 h5 31. b3 Qc6 32. c4 Ne3 33. Rxd7 Qxd7 34. Qxe5 Nxg2 35. Bb2 f6 36. Qxh5 Ne1 37. Ka2 Nd3 38. Bc3 b6 39. Qg4 Qd6 40. Qc8+ Kf7 41. Qb7+ Kg6 42. Qe4+ Kf7 43. h4 Nc5 44. Qd5+ Qxd5 45. cxd5 Ke7 46. h5 Nd3 47. Ka3 Nf4 1/2-1/2

[Event "6. EICC"]
[Site "?"]
[Date "2005.06.26"]
[Round "8"]
[White "Efimenko Zahar"]
[Black "Lupulescu Constantin"]
[Result "1-0"]
[WhiteElo "2620"]
[BlackElo "2546"]
[PlyCount "105"]
[EventDate "2005.??.??"]
[Source "www.chesslib.no"]
[SourceDate "2004.05.04"]

1. e4 c5 2. Nf3 d6 3. d4 cxd4 4. Nxd4 Nf6 5. Nc3 Nc6 6. Bg5 e6 7. Qd2 Qb6 8. O-O-O Qxd4 9. Qxd4 Nxd4 10. Rxd4 a6 11. f3 Rb8 12. Bc4 Be7 13. Rhd1 h6 14. Bh4 Bd7 15. Bb3 Bc6 16. Bg3 e5 17. R4d3 Nh5 18. Be1 Nf4 19. R3d2 Ne6 20. Kb1 Nc5 21. Bd5 h5 22. Bf2 Rh6 23. Be3 Rg6 24. g3 Rc8 25. Bxc6+ bxc6 26. Bxc5 dxc5 27. Na4 Rf6 28. Rd3 Rd8 29. Rxd8+ Bxd8 30. Nxc5 Rxf3 31. Nxa6 Re3 32. Nb4 Rxe4 33. Nxc6 Bc7 34. b3 h4 35. a4 Rg4 36. gxh4 Rg6 37. Nb4 e4 38. Nd5 Bxh2 39. a5 f5 40. b4 Re6 41. b5 Kd7 42. c4 Kc8 43. Nb6+ Kb7 44. Rd7+ Kb8 45. c5 Bc7 46. Rxg7 Re8 47. Nd7+ Kc8 48. b6 e3 49. bxc7 Kxc7 50. Nf6+ Kd8 51. Nxe8 e2 52. Rg1 f4 53. Nf6 1-0

[Event "Corus-B"]
[Site "Wijk aan Zee"]
[Date "2000.01.28"]
[Round "9"]
[White "Nijboer, Friso"]
[Black "Avrukh, Boris"]
[Result "1/2-1/2"]
[WhiteElo "2540"]
[BlackElo "2620"]
[PlyCount "208"]
[EventDate "2000.01.18"]
[Source "ChessBase"]
[SourceDate "2000.04.05"]

1. e4 c5 2. Nf3 d6 3. d4 cxd4 4. Nxd4 Nf6 5. Nc3 Nc6 6. Bg5 e6 7. Qd2 Qb6 8. Nb3 Be7 9. Bxf6 Bxf6 10. Qxd6 Be5 11. Qc5 Qxc5 12. Nxc5 Ke7 13. Bb5 Nd4 14. O-O-O Rd8 15. Bf1 b6 16. Nd3 Bd6 17. Ne2 Nc6 18. g3 Ba6 19. Nc3 Rac8 20. e5 Bb8 21. f4 Nd4 22. Bg2 Bxd3 23. Rxd3 Ne2+ 24. Kd2 Nxc3 25. Rxd8 Rxd8+ 26. Kxc3 g5 27. Be4 gxf4 28. gxf4 f6 29. exf6+ Kxf6 30. Bxh7 Rh8 31. Bd3 Rh3 32. Rf1 Rxh2 33. f5 Be5+ 34. Kb3 Rh4 35. fxe6+ Kxe6 36. Ba6 Rh7 37. a4 Kd6 38. c3 Kc7 39. Rf8 Re7 40. Kc4 Kd6 41. Ra8 Bg7 42. Kd3 Rf7 43. Bb5 Bf6 44. Ke4 Bg5 45. Rg8 Bc1 46. Rg2 Re7+ 47. Kd3 Bf4 48. Rg8 Rh7 49. Rc8 Rc7 50. Rd8+ Ke7 51. Rd4 Be5 52. Rg4 Bf6 53. Ke4 Rc5 54. Rg8 Re5+ 55. Kd3 Rd5+ 56. Kc2 Rd8 57. Rg2 Be5 58. Kb3 Rc8 59. Re2 Rc5 60. Ka2 Ke6 61. Ba6 Rc7 62. Kb3 Rh7 63. Rd2 Rc7 64. Rd1 Rg7 65. Bc4+ Ke7 66. Bd5 Kd6 67. Be4+ Kc7 68. Rf1 Re7 69. Ba8 Bg7 70. Kc4 Kb8 71. Bd5 Rc7+ 72. Kb4 Rd7 73. Rf5 Re7 74. Rf2 Rd7 75. Bc6 Re7 76. Rg2 Kc7 77. Bd5 Kd6 78. Bf3 Kc7 79. Kc4 Rf7 80. Bd5 Rf4+ 81. Kd3 Bf6 82. Be4 Kd6 83. Rg8 Rf2 84. Rf8 Ke6 85. b4 Rh2 86. Rc8 Rh3+ 87. Kc2 Rh2+ 88. Kb3 Rh3 89. Rc7 Be5 90. Rc6+ Kd7 91. Rc4 Re3 92. Bb7 Kd6 93. b5 Kd7 94. Bc8+ Ke7 95. Rc6 Kd8 96. Bf5 Rf3 97. Bg6 Ke7 98. Be4 Re3 99. Rc4 Bxc3 100. Rxc3 Rxe4 101. Rc7+ Kd6 102. Rxa7 Re3+ 103. Kc4 Re4+ 104. Kd3 Rh4 1/2-1/2

[Event "Qingdao 85/188"]
[Site "?"]
[Date "2002.??.??"]
[Round "?"]
[White "Ni, Hua"]
[Black "Shabalov, A."]
[Result "1/2-1/2"]
[WhiteElo "2533"]
[BlackElo "2624"]
[PlyCount "93"]
[EventDate "2002.??.??"]
[Source "Chess Informant"]
[SourceDate "2002.06.01"]

1. e4 c5 2. Nf3 d6 3. d4 cxd4 4. Nxd4 Nf6 5. Nc3 Nc6 6. Bg5 e6 7. Qd2 h6 8. Bxf6 gxf6 9. O-O-O a6 10. Kb1 Bd7 11. f4 Qb6 12. Nf3 O-O-O 13. Bc4 Kb8 14. Bb3 Bc8 15. Rhf1 h5 16. g3 Qc5 17. Nh4 b5 18. f5 Bh6 19. Qe2 Be3 20. fxe6 fxe6 21. Ng6 Rhe8 22. e5 f5 23. exd6 Bd4 24. Qxh5 a5 25. a4 Bxc3 26. bxc3 bxa4 27. Bxa4 Rd7 28. Bxc6 Qxc6 29. Ne5 Qb5+ 30. Kc1 Qxe5 31. Qxe8 Qxc3 32. Rfe1 f4 33. Qh5 Qa3+ 34. Kd2 Rxd6+ 35. Ke2 Qe3+ 36. Kf1 Ba6+ 37. Rd3 Bxd3+ 38. cxd3 Qxd3+ 39. Kg2 fxg3 40. hxg3 Qd5+ 41. Qxd5 exd5 42. Ra1 Ra6 43. Rd1 a4 44. Rxd5 a3 45. Rd1 Kb7 46. Kf3 Ra4 47. Ke3 1/2-1/2

[Event "FRA-ch"]
[Site "Aix les Bains"]
[Date "2003.08.20"]
[Round "3"]
[White "Bacrot, Etienne"]
[Black "Chabanon, Jean Luc"]
[Result "1-0"]
[WhiteElo "2645"]
[BlackElo "2498"]
[PlyCount "125"]
[EventDate "2003.08.18"]
[Source "ChessBase"]
[SourceDate "2003.11.11"]

1. e4 c5 2. Nf3 d6 3. d4 cxd4 4. Nxd4 Nf6 5. Nc3 Nc6 6. Bg5 e6 7. Qd2 h6 8. Bxf6 gxf6 9. O-O-O a6 10. f4 Qb6 11. Nde2 Bd7 12. Ng3 O-O-O 13. Nh5 Be7 14. Be2 Kb8 15. Rhf1 Ka8 16. f5 Rdf8 17. Kb1 Ne5 18. Rf4 Bc6 19. Rdf1 Qd8 20. Qd4 Rhg8 21. g3 Nd7 22. Qd2 e5 23. R4f2 Nb6 24. Rd1 Qc7 25. Rf3 Rc8 26. Rd3 Nc4 27. Qc1 Qb6 28. Ka1 Qf2 29. b3 Nb6 30. Qe3 Qxe3 31. Rxe3 Rgd8 32. Red3 Rd7 33. Kb2 Ka7 34. R1d2 Na8 35. g4 b5 36. Bf3 Nb6 37. Nd1 b4 38. c4 bxc3+ 39. Rxc3 Rb7 40. Kc1 Bd7 41. Rxc8 Bxc8 42. Rc2 Kb8 43. Ne3 Rc7 44. Ng3 Rxc2+ 45. Kxc2 Bb7 46. Ne2 Bd8 47. Nc3 Nd7 48. Nc4 Bc7 49. b4 Kc8 50. Be2 Kd8 51. Nd2 a5 52. a3 axb4 53. axb4 Nb8 54. Bb5 Bb6 55. Nc4 Bc7 56. Kd3 Nd7 57. Bxd7 Kxd7 58. b5 Bb8 59. Nb6+ Kd8 60. Nbd5 Ba7 61. b6 Ba6+ 62. Ke3 Bb8 63. Nxf6 1-0

[Event "Russie (championnat equipes)"]
[Site "?"]
[Date "2004.04.??"]
[Round "2"]
[White "Inarkiev Ernesto"]
[Black "Brodsky Michail"]
[Result "1/2-1/2"]
[WhiteElo "2606"]
[BlackElo "2528"]
[PlyCount "126"]
[EventDate "2004.??.??"]
[Source "www.chesslib.no"]
[SourceDate "2004.05.04"]

1. e4 c5 2. Nf3 d6 3. d4 cxd4 4. Nxd4 Nf6 5. Nc3 Nc6 6. Bg5 e6 7. Qd2 Qb6 8. Nb3 Be7 9. O-O-O O-O 10. Kb1 a6 11. f3 Rd8 12. h4 Qc7 13. Bd3 b5 14. g4 Ne5 15. Nd4 Bb7 16. Bxf6 Bxf6 17. g5 Be7 18. f4 Nc4 19. Qe1 e5 20. Nf5 exf4 21. Bxc4 bxc4 22. Rg1 Bf8 23. h5 g6 24. Nh6+ Bxh6 25. gxh6 Qe7 26. Qf2 Qe5 27. Rg4 Rab8 28. Qxf4 Bc6 29. Kc1 Qxh5 30. Rf1 Rd7 31. Rg2 Qe5 32. Qh4 Re8 33. Rg5 Qe7 34. Re1 d5 35. e5 d4 36. Ne4 Bxe4 37. Rxe4 f6 38. Rg1 f5 39. Qxe7 Rexe7 40. Ree1 Re6 41. Rgf1 Rd5 42. Rf4 Kf7 43. Kd2 Ke7 44. b3 cxb3 45. axb3 Rdxe5 46. Rxe5 Rxe5 47. Rxd4 Re4 48. Rd5 Rh4 49. Ra5 Rxh6 50. Rxa6 Rh2+ 51. Kd3 f4 52. b4 f3 53. b5 g5 54. Ra1 Kd6 55. Rb1 Kc7 56. c4 f2 57. c5 Rh6 58. Ke2 Rf6 59. Rf1 Rf5 60. Rxf2 Rxc5 61. Rf7+ Kb6 62. Rxh7 Kxb5 63. Kf3 Kc4 1/2-1/2

[Event "Cacak"]
[Site "?"]
[Date "1996.??.??"]
[Round "?"]
[White "Almasi, Z."]
[Black "Damljanovic, B."]
[Result "1-0"]
[WhiteElo "2655"]
[BlackElo "2470"]
[PlyCount "89"]
[EventDate "1996.??.??"]
[Source "ChessBase"]
[SourceDate "1996.10.01"]

1. e4 c5 2. Nf3 Nc6 3. d4 cxd4 4. Nxd4 Nf6 5. Nc3 d6 6. Bg5 e6 7. Qd2 h6 8. Bxf6 gxf6 9. f4 a6 10. O-O-O Bd7 11. Kb1 Qb6 12. Nb3 O-O-O 13. Be2 Kb8 14. Bh5 Rh7 15. Rhf1 Bc8 16. Qe2 Qc7 17. Nd4 Nxd4 18. Rxd4 Bg7 19. Rc4 Qe7 20. f5 Rhh8 21. Qd3 Rhg8 22. a3 Bf8 23. Bf3 d5 24. exd5 exf5 25. Ne2 Qd6 26. Nd4 Qb6 27. Rc3 Ka7 28. Rd1 Bd6 29. Qe3 f4 30. Qd3 Rge8 31. Rb3 Qc5 32. Qh7 Be5 33. Rc3 Qb6 34. Rcd3 Re7 35. Qxh6 Rc7 36. Qh7 Rc4 37. Nb3 a5 38. Qxf7 Bf5 39. d6 Bxd3 40. Rxd3 Rdc8 41. Bxb7 Qg1+ 42. Ka2 R8c7 43. dxc7 Rxc2 44. Rd2 Rxc7 45. Qd5 1-0

[Event "Moscow 84/171"]
[Site "?"]
[Date "2002.??.??"]
[Round "?"]
[White "Vorobiov, E."]
[Black "Avrukh, B."]
[Result "1-0"]
[WhiteElo "2534"]
[BlackElo "2591"]
[PlyCount "64"]
[EventDate "2002.??.??"]
[Source "Chess Informant"]
[SourceDate "2002.02.01"]

1. e4 c5 2. Nf3 d6 3. d4 cxd4 4. Nxd4 Nf6 5. Nc3 Nc6 6. Bg5 e6 7. Qd2 Qb6 8. O-O-O a6 9. Nxc6 bxc6 10. Bc4 Be7 11. Bb3 Bb7 12. f4 Rd8 13. f5 e5 14. g4 h6 15. Bxf6 gxf6 16. Kb1 Rd7 17. h4 Qd8 18. Rh3 h5 19. gxh5 Bf8 20. Rd3 Bh6 21. Qf2 Qc7 22. a3 Rd8 23. Qg1 Ke7 24. Rg3 Qa5 25. Qa7 Qc7 26. Na4 Ra8 27. Qg1 a5 28. Bc4 Bf8 29. Rg8 Bh6 30. Bxf7 Raxg8 31. Bxg8 Kf8 32. Be6 Qe7 1-0

[Event "III President's Cup"]
[Site "Baku AZE"]
[Date "2008.05.19"]
[Round "8"]
[White "Short, N."]
[Black "Sanikidze, T."]
[Result "1-0"]
[WhiteElo "2660"]
[BlackElo "2458"]
[PlyCount "107"]
[EventDate "2008.05.12"]
[Source "www.chesslib.no"]
[SourceDate "2004.05.04"]

1. e4 c5 2. Nf3 d6 3. d4 cxd4 4. Nxd4 Nf6 5. Nc3 Nc6 6. Bg5 e6 7. Qd2 Qb6 8. Nb3 Be7 9. Bxf6 gxf6 10. a4 a6 11. a5 Qc7 12. Na4 Rb8 13. Nb6 Ne5 14. Be2 O-O 15. O-O Kh8 16. Qe3 Rg8 17. c3 Nd7 18. Rfd1 Nxb6 19. axb6 Qd8 20. Na5 Bd7 21. b4 f5 22. exf5 d5 23. c4 Bf6 24. Rab1 Ba4 25. fxe6 fxe6 26. Rd2 d4 27. Qxe6 Bd7 28. Qe4 Qxb6 29. Bd3 Rg7 30. c5 Qc7 31. g3 b6 32. cxb6 Qxb6 33. Re2 Re8 34. Qd5 Rd8 35. Qb7 Qxb7 36. Nxb7 Bf5 37. Bxf5 Rxb7 38. Re6 Be7 39. Be4 Ra7 40. Bd3 Rb8 41. Kg2 Bxb4 42. Bxa6 Kg7 43. h4 Rd7 44. Bd3 Rc7 45. Re4 Rd7 46. h5 Rb6 47. f4 Kf6 48. h6 Rdb7 49. g4 Bc3 50. Rxb6+ Rxb6 51. g5+ Kf7 52. Re2 Kg8 53. Re8+ Kf7 54. Rh8 1-0

[Event "Abu Dhabi (14eme open)"]
[Site "?"]
[Date "2005.08.17"]
[Round "4"]
[White "Goloshchapov Alexander"]
[Black "Kotsur Pavel"]
[Result "1-0"]
[WhiteElo "2519"]
[BlackElo "2595"]
[PlyCount "75"]
[EventDate "2005.??.??"]
[Source "www.chesslib.no"]
[SourceDate "2004.05.04"]

1. e4 c5 2. Nf3 d6 3. d4 cxd4 4. Nxd4 Nf6 5. Nc3 Nc6 6. Bg5 e6 7. Qd2 Qb6 8. O-O-O Qxd4 9. Qxd4 Nxd4 10. Rxd4 a6 11. f3 Rb8 12. Bc4 b5 13. Bb3 Nd7 14. Rd2 Be7 15. Bf4 Ne5 16. h4 Bb7 17. a4 Bc6 18. axb5 axb5 19. Na2 O-O 20. Nb4 Bb7 21. c3 h6 22. h5 Rfc8 23. Rhd1 Kf8 24. Rxd6 Bg5 25. Bxg5 hxg5 26. R1d3 Nxd3+ 27. Rxd3 Bc6 28. e5 Ra8 29. Kb1 g4 30. Bd1 Bd5 31. Rd4 Rc5 32. Rxg4 Ba2+ 33. Kc2 Rxe5 34. b3 Rxh5 35. Kb2 Rh1 36. Rd4 Ke7 37. Rd7+ Kf6 38. Bc2 1-0

[Event "Korinthos op"]
[Site "Korinthos"]
[Date "1998.??.??"]
[Round "8"]
[White "Kotronias, Vasilios"]
[Black "Greenfeld, Alon"]
[Result "1-0"]
[WhiteElo "2570"]
[BlackElo "2530"]
[PlyCount "127"]
[EventDate "1998.07.20"]
[Source "www.chesslib.no"]
[SourceDate "2004.05.04"]

1. e4 c5 2. Nf3 d6 3. d4 cxd4 4. Nxd4 Nf6 5. Nc3 Nc6 6. Bg5 e6 7. Qd2 Qb6 8. Bb5 Be7 9. O-O-O O-O 10. Be3 Qc7 11. Be2 a6 12. f4 Na5 13. Nb3 b5 14. Nxa5 Qxa5 15. a3 b4 16. Na2 d5 17. Nxb4 Nxe4 18. Nc6 Qxd2+ 19. Rxd2 Bd6 20. Rdd1 Bd7 21. Ne5 Ba4 22. Bf3 Ng5 23. Nc4 Nxf3 24. Nxd6 Nh4 25. g3 Rfd8 26. Bc5 Nf5 27. Nxf5 exf5 28. Rd4 Bc6 29. Re1 Re8 30. Rxe8+ Rxe8 31. Rb4 Rc8 32. Rb6 Bb5 33. Kd2 h5 34. Be3 Rd8 35. c3 Re8 36. b3 Re6 37. Rb8+ Kh7 38. a4 Bf1 39. Rd8 Bg2 40. b4 Re4 41. Bd4 Bf3 42. b5 axb5 43. axb5 Re2+ 44. Kc1 Be4 45. b6 Rc2+ 46. Kd1 Rb2 47. Ra8 Kg6 48. Ra4 Bd3 49. Kc1 Rc2+ 50. Kb1 Rxh2+ 51. Ka1 Rh1+ 52. Ka2 Rb1 53. Ka3 f6 54. Ra7 Bc4 55. Rc7 Ba6 56. Ka4 Rb2 57. Ka5 Bd3 58. b7 Ra2+ 59. Kb6 Rb2+ 60. Ka7 Ra2+ 61. Kb8 Ba6 62. Bc5 Re2 63. Ka7 Bxb7 64. Kxb7 1-0

[Event "Rishon Le Ziyyon"]
[Site "Rishon Le Ziyyon"]
[Date "1996.??.??"]
[Round "4"]
[White "Kotronias, Vasilios"]
[Black "Shmuter, Leonid"]
[Result "1-0"]
[WhiteElo "2610"]
[BlackElo "2490"]
[PlyCount "81"]
[EventDate "1996.02.??"]
[Source "ChessBase"]

1. e4 c5 2. Nf3 d6 3. d4 cxd4 4. Nxd4 Nf6 5. Nc3 Nc6 6. Bg5 Qb6 7. Nb3 e6 8. Qd2 Be7 9. O-O-O O-O 10. f3 Rd8 11. Be3 Qc7 12. Qf2 d5 13. exd5 Nxd5 14. Nxd5 Rxd5 15. Rxd5 exd5 16. g4 Bf6 17. Kb1 Bd7 18. Bd3 Qe5 19. Bc1 Re8 20. f4 Qd6 21. g5 Bd8 22. a3 Bb6 23. Qf3 Ne7 24. f5 f6 25. h4 Nc6 26. Bf4 Ne5 27. Qg2 Kh8 28. Re1 Qb8 29. Qg3 Re7 30. h5 Qf8 31. gxf6 gxf6 32. Rxe5 Rg7 33. Qf3 Rg1+ 34. Ka2 fxe5 35. Bxe5+ Kg8 36. Qxd5+ Qf7 37. Qxb7 Re1 38. Qa8+ Be8 39. Qg2+ Kf8 40. Bd6+ Re7 41. Qg5 1-0

[Event "LXXV Camp. brasiliano"]
[Site "Porto Alegre BRA"]
[Date "2008.12.08"]
[Round "2"]
[White "Di Berardino, D."]
[Black "Milos, G."]
[Result "0-1"]
[WhiteElo "2502"]
[BlackElo "2593"]
[PlyCount "58"]
[EventDate "2008.12.07"]
[Source "www.chesslib.no"]
[SourceDate "2004.05.04"]

1. e4 c5 2. Nf3 d6 3. d4 cxd4 4. Nxd4 Nf6 5. Nc3 Nc6 6. Bg5 e6 7. Qd2 Qb6 8. O-O-O Be7 9. Nb3 O-O 10. f3 a6 11. h4 Qc7 12. Be3 b5 13. g4 b4 14. Na4 Nd7 15. g5 Bb7 16. Qf2 a5 17. Kb1 Rfc8 18. Bd3 Nce5 19. Nb6 Nxb6 20. Bxb6 Qd7 21. Bxa5 d5 22. Bb6 Qa4 23. Nc1 b3 24. a3 Nxd3 25. cxd3 Bxa3 26. bxa3 Rc2 27. Rd2 Qxa3 28. Bd4 Rac8 29. Qe1 Ba6 0-1

[Event "II Torneo de las Américas"]
[Site "Buenos Aires"]
[Date "2003.08.25"]
[Round "7"]
[White "Campora, Daniel Hugo"]
[Black "Shabalov, Alexander"]
[Result "1/2-1/2"]
[WhiteElo "2510"]
[BlackElo "2575"]
[PlyCount "100"]
[EventDate "2003.08.17"]
[Source "Roberto Alvarez"]
[SourceDate "2003.09.01"]

1. e4 c5 2. Nf3 Nc6 3. d4 cxd4 4. Nxd4 Nf6 5. Nc3 d6 6. Bg5 e6 7. Qd2 h6 8. Bxf6 gxf6 9. O-O-O a6 10. Be2 h5 11. Kb1 Bd7 12. f4 Qb6 13. Nb3 O-O-O 14. Bf3 h4 15. Rhe1 Kb8 16. Re3 Bc8 17. Rd3 Qc7 18. Ne2 Bh6 19. Nbd4 Ne5 20. Rc3 Nxf3 21. Nxf3 Qe7 22. Rd3 Rhg8 23. Nxh4 f5 24. g3 fxe4 25. Rxd6 Rxd6 26. Qxd6+ Qxd6 27. Rxd6 Bf8 28. Rd1 Kc7 29. Ng2 Rh8 30. h4 Bc5 31. Rh1 Bd7 32. Kc1 f5 33. c3 Be8 34. Nd4 Kd6 35. Ne3 Bh5 36. b4 Ba7 37. Kd2 Ke7 38. Nec2 Kf6 39. a4 Rg8 40. Rh3 a5 41. bxa5 Bc5 42. Ne3 Rd8 43. Nec2 Bd6 44. Ne3 Bc5 45. Nec2 Rd7 46. Rh1 Rg7 47. Rh3 Be8 48. h5 Bxa4 49. h6 Rh7 50. Ne3 Bd6 1/2-1/2

[Event "XXIV Open"]
[Site "Cappelle La Grande FRA"]
[Date "2008.02.20"]
[Round "6"]
[White "Edouard, R."]
[Black "Arutinian, D."]
[Result "0-1"]
[WhiteElo "2507"]
[BlackElo "2576"]
[PlyCount "104"]
[EventDate "2008.02.16"]
[Source "www.chesslib.no"]
[SourceDate "2004.05.04"]

1. e4 c5 2. Nf3 d6 3. d4 cxd4 4. Nxd4 Nf6 5. Nc3 Nc6 6. Bg5 e6 7. Qd2 Qb6 8. Nb3 Be7 9. O-O-O O-O 10. f3 a6 11. Kb1 Rd8 12. Be3 Qc7 13. Qf2 Nd7 14. g4 b5 15. g5 Nce5 16. Nd4 b4 17. Nce2 Nc4 18. Bc1 Qc5 19. Nf4 a5 20. h4 Nf8 21. Nd3 Qb6 22. f4 Rd7 23. f5 e5 24. f6 exd4 25. fxe7 Rxe7 26. h5 Bb7 27. h6 Bxe4 28. Rh2 Ne3 29. Re1 Ng4 30. Rxe4 Nxf2 31. Rxe7 Ng6 32. Re1 Ng4 33. Rhe2 Ne3 34. Bxe3 dxe3 35. Rxe3 Rf8 36. Nf2 Qd8 37. Ne4 a4 38. hxg7 Kxg7 39. Nf6 Qa5 40. Ne8+ Rxe8 41. Rxe8 Qxg5 42. Rd1 Ne5 43. Ra8 Qg4 44. Rc1 b3 45. Ra6 bxc2+ 46. Rxc2 Qf5 47. Be2 Ng4 48. Kc1 Qf4+ 49. Kb1 Ne3 50. Rc3 d5 51. Ra7 Qf2 52. Bd3 Nd1 0-1

[Event "II Open ROMGAZ"]
[Site "Bucarest ROM"]
[Date "2008.09.14"]
[Round "4"]
[White "Zubarev, Al1"]
[Black "Mamedov, Nid"]
[Result "1-0"]
[WhiteElo "2517"]
[BlackElo "2564"]
[PlyCount "65"]
[EventDate "2008.09.11"]
[Source "www.chesslib.no"]
[SourceDate "2004.05.04"]

1. e4 c5 2. Nf3 d6 3. d4 cxd4 4. Nxd4 Nf6 5. Nc3 Nc6 6. Bg5 e6 7. Qd2 Qb6 8. Nb3 Be7 9. Bxf6 Bxf6 10. Qxd6 Be5 11. Qc5 Qxc5 12. Nxc5 Ke7 13. Nd1 Rd8 14. Nd3 Bc7 15. Ne3 b6 16. O-O-O Bb7 17. g3 Rac8 18. f4 Nd4 19. Bg2 Ba6 20. Nb4 Be2 21. Ned5+ exd5 22. Rxd4 Bd6 23. Nxd5+ Kf8 24. Rd2 Bc4 25. Ne3 Bxa2 26. Rhd1 Be7 27. Rxd8+ Bxd8 28. Rd3 Be7 29. b3 Ba3+ 30. Kd1 b5 31. Bh3 Rb8 32. Nd5 Rd8 33. Bf1 1-0

[Event "XXIV Open"]
[Site "Cappelle La Grande FRA"]
[Date "2008.02.18"]
[Round "4"]
[White "Khruschiov, A."]
[Black "Arutinian, D."]
[Result "1/2-1/2"]
[WhiteElo "2504"]
[BlackElo "2576"]
[PlyCount "40"]
[EventDate "2008.02.16"]
[Source "www.chesslib.no"]
[SourceDate "2004.05.04"]

1. e4 c5 2. Nf3 d6 3. d4 cxd4 4. Nxd4 Nf6 5. Nc3 Nc6 6. Bg5 e6 7. Qd2 Qb6 8. O-O-O Qxd4 9. Qxd4 Nxd4 10. Rxd4 a6 11. Be2 Be7 12. Rhd1 Bd7 13. R4d3 Bc6 14. Bxf6 gxf6 15. Rh3 Kd7 16. Nd5 Rag8 17. Nxe7 Kxe7 18. Bf3 Rg5 19. Rd3 Ra5 20. a3 Re5 1/2-1/2

[Event "ADCF Masters"]
[Site "Abu Dhabi"]
[Date "2003.08.18"]
[Round "3"]
[White "Kayumov, Sergey"]
[Black "Jobava, Baadur"]
[Result "0-1"]
[WhiteElo "2479"]
[BlackElo "2596"]
[PlyCount "78"]
[EventDate "2003.08.16"]
[Source "Roberto Alvarez"]
[SourceDate "2003.09.01"]

1. e4 c5 2. Nf3 d6 3. d4 Nf6 4. Nc3 cxd4 5. Nxd4 Nc6 6. Bg5 Qb6 7. Nb3 e6 8. Qd2 Be7 9. O-O-O O-O 10. f3 Rd8 11. Nb5 Rd7 12. Be3 Qd8 13. N5d4 a5 14. a4 Ne5 15. Bb5 Rc7 16. Qe2 Bd7 17. Kb1 Rac8 18. c3 Nc4 19. g4 Nxe3 20. Qxe3 e5 21. Nf5 Bxb5 22. axb5 a4 23. Qg5 Ne8 24. Nxe7+ Rxe7 25. Nd2 Nc7 26. c4 Ne6 27. Qe3 Rec7 28. Rc1 Rc5 29. Rc3 Nd4 30. Qd3 Qa5 31. Ra3 Qb4 32. Ka2 Nxb5 33. cxb5 Rc2 34. Nb3 R8c3 35. Qd5 g6 36. Kb1 axb3 37. Ra8+ Kg7 38. Qd1 Re3 39. Ka1 Rce2 0-1

[Event "300 Years"]
[Site "St Petersburg"]
[Date "2003.10.21"]
[Round "4"]
[White "Kovchan, Alexander"]
[Black "Klimov, Sergey"]
[Result "1/2-1/2"]
[WhiteElo "2561"]
[BlackElo "2512"]
[PlyCount "58"]
[EventDate "2003.10.18"]
[Source "Roberto Alvarez"]
[SourceDate "2003.10.27"]

1. e4 c5 2. Nf3 d6 3. d4 cxd4 4. Nxd4 Nf6 5. Nc3 Nc6 6. f3 Qb6 7. Nb3 e6 8. Bg5 Be7 9. Qd2 O-O 10. O-O-O a6 11. g4 Qc7 12. h4 Ne5 13. Rh3 b5 14. Bxf6 Bxf6 15. g5 Be7 16. f4 Nc4 17. Bxc4 Qxc4 18. f5 b4 19. f6 Bd8 20. Qxd6 Bc7 21. Qe7 Bb7 22. fxg7 Rfe8 23. Qf6 Bd8 24. Rd4 Qc7 25. Qf2 bxc3 26. Rxc3 Qe7 27. Qd2 Bc8 28. e5 Bb6 29. Rd6 Rb8 1/2-1/2